000 01053nam a2200217Ia 4500
003 Ost
005 20260507075513.0
008 260507s9999||||xx |||||||||||||| ||und||
020 _a9789957244163
040 _cfsecg
041 _aara
082 _a657.61
100 _aالرماحي، نواف محمد عباس
_eمؤلف
245 0 _aالمحاسبة القومية /
_c نواف محمد عباس الرماحي
260 _aعمان:
_bدار صفاء,
_c2009
300 _a208 صفحة؛
_bإيضاحات ؛
_c25 سم
504 _aببليوغرافيا:ص.207
520 _aمقدمة في مفهوم المحاسبة القومية وأهدافها وتطورها،مفاهيم الدخل القومي وطرق قياسه في النظم الإقتصادية المختلفة،نظم الحسابات القومية في الأمم المتحدة(حسب النشاط الاقتصادي)نظام الحسابات القومية(حسب التصنيف القطاعي).
653 _aالمحاسبة القومية
942 _cكتاب
999 _c44742
_d44742